Potřebujeme filosofii přežití? úvahy o filosofii, kultuře, poznání, vzdělání, řeči a popularizaci vědy

Uložené v:
Podrobná bibliografia
Hlavný autor: Šmajs, Josef
Médium: Kniha
Jazyk:Czech
Vydavateľské údaje: Brno Nakladatelství Doplněk 2008
Predmet:
Tagy: Pridať tag
Žiadne tagy, Buďte prvý, kto otaguje tento záznam!

MARC

LEADER 00000nam$a2200000$$$4500
001 0076994
005 20240313090258.5
020 |a 978-80-7239-221-6 
041 0 |a cze 
044 |a CZ 
245 1 0 |a Potřebujeme filosofii přežití?  |b úvahy o filosofii, kultuře, poznání, vzdělání, řeči a popularizaci vědy  |c Josef Šmajs 
264 1 |a Brno  |b Nakladatelství Doplněk  |c 2008 
300 |a 101 s. 
610 2 0 |a kultúra 
610 2 0 |a vzdelanie 
610 2 0 |a veda 
100 1 |a Šmajs, Josef